Les vainqueurs du Royal Rumble de catch - Statistiques

Statistiques générales
  • Ce quiz a été pris 974 fois
  • Le résultat moyen est 23 sur 33
Statistiques - réponses
Hint Réponse % Correct
2002 Triple H
97%
2016 Triple H
97%
2008 John Cena
95%
2013 John Cena
95%
2009 Randy Orton
90%
2017 Randy Orton
90%
2007 The Undertaker
87%
2015 Roman Reigns
86%
2005 Batista
80%
2014 Batista
80%
1997 Steve Austin
79%
1998 Steve Austin
79%
2001 Steve Austin
79%
2006 Rey Mysterio
77%
2000 The Rock
77%
1990 Hulk Hogan
76%
1991 Hulk Hogan
76%
2010 Edge
73%
2019 Seth Rollins
73%
1995 Shawn Michaels
72%
1996 Shawn Michaels
72%
2003 Brock Lesnar
66%
2018 Shinsuke Nakamura
60%
2012 Sheamus
56%
2011 Alberto Del Rio
54%
1992 Ric Flair
54%
1994 Bret Hart
48%
2004 Chris Benoit
43%
1999 Vince McMahon
42%
1993 Yokozuna
34%
1988 Jim Hacksaw Duggan
26%
1994 Lex Luger
23%
1989 Big John Studd
17%
Aucun quiz correspondant
Distribution des résultats
% des personnes avec chaque résultat
Percentile par nombre de réponses
Votre historique - résultats
Vous n’avez pas pris ce quiz